000 00975nam a2200229 a 4500
001 000030261
005 20251009143818.0
008 110505s2010 dr abd 001 0 spa d
040 _aDO-SdBNP
_bspa
_cBNPHU
082 _a303.4834
_bR426c
110 1 _aRepública Dominicana.
_bOficina Nacional de Estadística
_95775
245 1 4 _aLos centros de acceso colectivo (CAC) a las TIC impulsados desde el Estado en la República Dominicana.
260 _aSanto Domingo :
_bOficina Nacional de Estadística,
_c2010.
300 _a73 p. :
_bil., gráfcs., mapas ;
_c28 cm.
590 _aInventariado, 2018/BT
650 4 _aPolítica tecnológica
_zRepública Dominicana
_919564
650 4 _aEducación tecnológica
_zRepública Dominicana
_919565
650 4 _aCentros de capacitación
_xInvestigaciones
_956940
650 0 _aPolítica de información
_953836
650 4 _aTecnología de las comunicaciones
_xInvestigaciones
_956941
910 _aValidado. Control de la calidad. EMS
999 _c29753
_d29753